00522nam a2200193 a 450000100060000000300090000600800410001502000180005604000280007408200150010210000320011724500740014925000090022326000220023230000210025449000260027565000120030165000150031323552CO-ViMGA141112s2004 ck r 000 u spa d a9789876080507 aCO-ViMGAbspacCO-ViMGA04a370.7A723s1 aArce Guerschberg, Marinela10aSoluciones pedagogicas para el autismo / cMarinela Arce Guerschberg aLESA aEspaña : bLesa a352p. + Cd - rom aQue hacer con los TGD14aAUTISMO14aPEDAGOGIA